|
|
|
|
| LEADER |
00000nam0a2200000 4500 |
| 001 |
210211 |
| 005 |
20231101225611.0 |
| 010 |
|
|
|a 9785160053042
|
| 035 |
|
|
|a (RuTPU)RU\TPU\book\229593
|
| 090 |
|
|
|a 210211
|
| 100 |
|
|
|a 20120220d2012 m y0rusy50 ca
|
| 101 |
0 |
|
|a rus
|
| 102 |
|
|
|a RU
|
| 105 |
|
|
|a y j 001zy
|
| 200 |
1 |
|
|a Основы самоменеджмента
|e учебник для вузов
|f И. И. Исаченко
|
| 210 |
|
|
|a Москва
|c Инфра-М
|d 2012
|
| 215 |
|
|
|a 312 с.
|
| 225 |
1 |
|
|a Высшее образование
|
| 320 |
|
|
|a Библиогр.: с. 310-311.
|
| 330 |
|
|
|a Дается целостное представление о сущности самоменеджмента, его функциях, целях, применяемых техниках. Рассматриваются вопросы определения жизненных целей и построения успешной карьеры, планирования личной работы и выработки собственного рабочего стиля менеджера, мотивации и самосовершенствования. Предлагаемая логика реализации самоменеджмента ориентирована на обучение эффективному использованию времени, целеустремленной работе с ежедневным достижением успеха. Предназначен для студентов, аспирантов, слушателей факультетов повышения квалификации управленческих специальностей, менеджеров-практиков, а также всех занимающихся саморазвитием и самовоспитанием.
|
| 606 |
1 |
|
|a Менеджмент
|2 stltpush
|3 (RuTPU)RU\TPU\subj\42098
|9 61850
|
| 610 |
1 |
|
|a управленческая деятельность
|
| 610 |
1 |
|
|a управленцы
|
| 610 |
1 |
|
|a руководители
|
| 610 |
1 |
|
|a лидеры
|
| 610 |
1 |
|
|a лидерские качества
|
| 610 |
1 |
|
|a лидерство
|
| 610 |
1 |
|
|a самоменеджмент
|
| 610 |
1 |
|
|a жизненные цели
|
| 610 |
1 |
|
|a карьера
|
| 610 |
1 |
|
|a личная работа
|
| 610 |
1 |
|
|a стили руководства
|
| 610 |
1 |
|
|a стили управления
|
| 610 |
1 |
|
|a делегирование полномочий
|
| 610 |
1 |
|
|a время
|
| 610 |
1 |
|
|a приоритеты
|
| 610 |
1 |
|
|a стрессоустойчивость
|
| 610 |
1 |
|
|a мотивации
|
| 610 |
1 |
|
|a харизма
|
| 610 |
1 |
|
|a учебники
|
| 686 |
|
|
|a У9(2)212я73
|v LBC/SL-A
|2 rubbk
|
| 700 |
|
1 |
|a Исаченко
|b И. И.
|g Игорь Иванович
|
| 801 |
|
1 |
|a RU
|b 63413507
|c 20120220
|
| 801 |
|
2 |
|a RU
|b 63413507
|c 20150514
|g RCR
|
| 900 |
|
|
|a Менеджмент
|
| 942 |
|
|
|c BK
|
| 955 |
|
|
|l 8
|
| 959 |
|
|
|a 32/20120220
|d 2
|e 299,90
|f ЧЗГЛ:1
|f АНЛ:1
|